| 000 | 02072nam0a2200349 4500 | ||
|---|---|---|---|
| 001 | RU\NLR\bibl\957091 | ||
| 005 | 20260405111658.0 | ||
| 010 |
_a5-89635-037-6 _91000 |
||
| 021 |
_aRU _b2006-22479 _91120 |
||
| 035 | _a(NLR Aleph) 000945150 | ||
| 090 |
_a244647 _c244647 |
||
| 100 | _a20060606d2005 |||y0rusy50 ca | ||
| 101 | 0 | _arus | |
| 102 | _aRU | ||
| 105 | _aa ||||||||| | ||
| 200 | 1 |
_aОрганизация работы комиссий по предупреждению и ликвидации чрезвычайных ситуаций и обеспечению пожарной безопасности всех уровней _eучебно-методическое пособие _fН.С. Черемисов, В.В. Шевченко _gпод общ. ред. Н.А. Крючка _g[Ин-т риска и безопасности] |
|
| 210 |
_aМосква _cИнститут риска и безопасности _d2005 |
||
| 215 |
_a247 с. _cил. _d20 |
||
| 300 | _aНа 4-й с. обл. авт.: Н.С. Черемисов, ген.-майор в отставке, В.В. Шевченко, полк. МЧС России в запасе | ||
| 300 | _aНа обл. авт. не указаны | ||
| 320 | _aБиблиогр.: с. 246-247 (15 назв.) | ||
| 606 | 0 |
_aКомиссии по чрезвычайным ситуациям _jУчебно-методические пособия _xОрганизация работы _yРоссийская Федерация _92083666 _3RU\NLR\auth\661259732 |
|
| 606 | 1 |
_aПожарная охрана _jУчебно-методические пособия _9904326 _3RU\NLR\auth\669327 |
|
| 686 | _aН96я7 | ||
| 686 | _aЦ69,6(2Р)0-2я7 | ||
| 700 | 1 |
_aЧеремисов _bН. С. _4070 |
|
| 701 | 1 |
_4070 _8rus _7ca _aШевченко _bВ.В. _cспециалист по безопасности жизнедеятельности _gВалерий Васильевич _3RU\NLR\auth\7742622 _925565 |
|
| 801 | 0 |
_aRU _bNLR _c20060606 _grcr |
|
| 801 | 1 |
_aRU _bNLR _c20060606 |
|
| 942 | _cBOOK | ||
| 980 | _aNB | ||